A Escrita (Record no. 42341)

MARC details
000 -Etiqueta do registo
Valores 00380nam a2200169 4500
100 ## - Dados gerais de processamento
Dados gerais 20231121 pory50
101 ## - Língua de publicação
Língua por
102 ## - País de publicação
País PT
200 ## - Titulo e menção de responsabilidade
Título próprio A Escrita
Informação de outro título material de apoio
210 ## - Publicação
Local de publicação Lisboa
Nome do editor Ministério da Educação , DES
215 ## - Descrição física 
Paginação / Volumes 34 p.
225 ## - Colecção 
Título próprio da colecção Projecto falar
675 ## - CDU
Notação 81-26
801 ## - Fonte de origem
País PT
Regras de catalogação RPC
990 ## - Elementos KOHA
Tipo de documento Livro
Holdings
Aquisição Empréstimo Código de barras Cota Permissão de empréstimo Tipo de documento
Biblioteca Escolar Doutor Hernâni Cidade Biblioteca Escolar Doutor Hernâni Cidade 55407 81-26 AA.VV. ESCRITA   Livro

Powered by Koha